| 000 | 00635cam a22001691 4500 | ||
|---|---|---|---|
| 082 |
_a940.27 _bMAU |
||
| 100 | 1 |
_aMaude, F. N. _948601 |
|
| 245 | 0 | 4 |
_aThe Jena campaign, 1806, _cby Col. F. N. Maude. |
| 260 |
_aLondon, _bS. Sonnenschein & co. lim.; _aNew York, _bThe Macmillan company, _c1909. |
||
| 300 |
_axxiv, 202 p. _bix fold. maps (in pocket) 2 fold. diagr. _c20 cm. |
||
| 490 | 0 | _aSpecial campaign series, | |
| 526 |
_a0 _b0 _c0 _d940_270000000000000_MAU |
||
| 650 | 0 |
_aJena, Battle of, Jena, Germany, 1806. _950528 |
|
| 650 | 0 |
_aMCE _9379 |
|
| 650 | 0 |
_aNapoleonic Wars, 1800-1815 _xCampaigns _zGermany _zJena. _950603 |
|
| 942 |
_2ddc _cBK |
||
| 999 |
_c553352 _d553352 |
||